| 000 | 00786nam a22002297a 4500 | ||
|---|---|---|---|
| 003 | 0 | ||
| 005 | 20250506173406.0 | ||
| 008 | 250506b xxu||||| |||| 00| 0 eng d | ||
| 020 | _a9786214063918 | ||
| 050 |
_aHF 5438.25 _b.P277 2025 |
||
| 100 |
_aPasahol, Jhon Ven Saint L. _e[author] |
||
| 245 |
_aMastering the art of professional salesmanship _cDr. Jhon Ven Saint L. Pasahol and Honeylette D. Villanueva |
||
| 260 |
_aManila _bMindshapers Co. Inc. _cc2025 |
||
| 300 |
_ax, 420 pages ; _c26cm. |
||
| 504 | _aIncludes bibliographical references. | ||
| 650 | _aSelling – Philippines. | ||
| 650 | _aSales personnel—Training of –Philippines. | ||
| 650 | _aSales promotion. | ||
| 650 | _aCustomer relations. | ||
| 700 | _aVillanueva, Honeylette D. | ||
| 942 |
_2lcc _cBK |
||
| 999 |
_c367458 _d367458 |
||